00551naa a2200181 a 450000100080000000500110000800800410001910000210006024501050008126000090018665300160019565300200021165300130023165300210024465300120026570000160027777300760029310286712004-01-07 1993 bl uuuu u00u1 u #d1 aVELOSO, C. A. C. aDiagnostico de sintomas de deficiencia de macronutrientes em pimenteira do reino (Piper nigrum, L.). c1993 aDeficiencia aDiagnose visual aNutricao aPimenta do reino aSintoma1 aMURAOKA, T. tScientia Agricola, Piracicabagv. 50, n. 2, p. 232-236, jun./set. 1993.